Statistics for Major Cities In The Midwestern United States

Click here to take the quiz!

General Stats

  • This quiz has been taken 57 times
  • The average score is 11 of 13

Answer Stats

Population Answer % Correct
387,753Minneapolis
96%
2,695,598Chicago
96%
852,866Indianapolis
92%
686,888Detroit
88%
459,787Kansas City
88%
396,815Cleveland
88%
787,033Columbus
86%
319,294St. Louis
86%
594,833Milwaukee
84%
408,958Omaha
78%
296,943Cincinnati
76%
288,448St. Paul
73%
382,368Wichita
57%

Score Distribution

Percentile by Number Answered

Percent of People with Each Score

Your Score History

You have not taken this quiz